| 000 | 00604nam a22001937a 4500 | ||
|---|---|---|---|
| 005 | 20131219120717.0 | ||
| 010 | _aENG-108903 | ||
| 020 |
_a9789381142936 _c675.00 |
||
| 035 | _aEN-92436 | ||
| 037 | _bDBAD/PUB | ||
| 082 | _a882.08 | ||
| 100 | _aSharma, Ram | ||
| 245 |
_aPanorama of world drama in English literature / _cby Ram Sharma |
||
| 260 |
_aNew Delhi _bManglam Publications _c2013 |
||
| 270 |
_aK-129 Gali No.3 Near Shiv Om Jwelers 3-1/2 Pusta Gautam Vihar _bNew Delhi _e110053 |
||
| 300 |
_a179p. _c22cm(Hb) |
||
| 500 | _aIncludes index | ||
| 942 |
_2ddc _cEN _mSHA _h882.08 |
||
| 999 |
_c81260 _d81260 |
||